000 00710nam a22002417a 4500
005 20170124105920.0
010 _aA-100000
020 _c00
_a8186398368
035 _aA-100000
037 _bCen Lib/Ret
040 _aDPL
_bEN
082 _a307.772
_bSIN
100 _aSingh, R.A.P.
_94274
245 _aCrime in tribal setting /
_cby Chandreshwar Prasad Singh
246 _b
260 _bResearch Publications
_c1999
_aJaipur
270 _bJaipur
_a89, Tripolia Bazar
300 _a152p.
_c21cm(Hb)
500 _aIncludes Bibliographical references
650 _aSocial Sciences
_9113739
650 _aChange Perception
_xTribal
_94276
942 _2ddc
_cEN
_h307.772
_mSIN
999 _c123127
_d123127